000 00679cam a22002413a 4500
001 19440
003 PGUSA
005 20140828083419.0
008 061002s2006||||xxu|||||s|||||000 | eng d
040 _aPGUSA
_beng
042 _adc
050 4 _aPT
245 1 0 _aLa Saga de Njal
_h[electronic resource]
260 _bProject Gutenberg,
_c2006
506 _aPublic domain in the USA.
516 _aElectronic text
653 _aSagas -- Translations into French
653 _aNjáll Thorgursson, approximately 930-1011
700 1 _aDareste, Rodolphe,
_d1824-1911
830 0 _aProject Gutenberg
_v19440
856 4 0 _uhttp://www.gutenberg.org/ebooks/19440
942 _cEB
999 _c248695
_d248695